Car Models by Picture #22 - Statistics

General Stats
  • This quiz has been taken 92 times
  • The average score is 5 of 12
Answer Stats
Picture Hint Answer % Correct
Nissan GT-R
94%
Toyota Prius
82%
Lamborghini Murciélago
75%
Ford Ka
63%
Kia Picanto
41%
Hyundai Tiburon
39%
Land Rover Freelander
30%
Aston Martin Lagonda
28%
Opel Kadett A
25%
SEAT Mii
24%
Škoda Roomster
21%
Renault Wind
21%
No matching quizzes found
Score Distribution
Percent of People with Each Score
Percentile by Number Answered
Your Score History
You have not taken this quiz